|
|
|
|
| LEADER |
00000nas a2200000 4500 |
| 001 |
ssj0055881 |
| 003 |
WaSeSS |
| 005 |
20200512172242.0 |
| 006 |
m d |
| 007 |
cr n |
| 008 |
751101d19531997pk qr p s 0 a0eng |
| 010 |
|
|
|a sa 62000350
|
| 016 |
7 |
|
|a 000268755
|2 IsJJNL
|
| 016 |
7 |
|
|a 001927580
|2 Uk
|
| 022 |
|
|
|l 0030-9796
|y 0030-9796
|
| 025 |
|
|
|a PL480: P-E-D-16
|
| 035 |
|
|
|a (WaSeSS)ssj0055881
|
| 040 |
|
|
|a DLC
|b eng
|c MUL
|d YUS
|d COO
|d NYG
|d DLC
|d AIP
|d NST
|d NSD
|d NST
|d NSD
|d NST
|d KUK
|d MYG
|d WAU
|d OCLCQ
|d NLGGC
|d DLC
|d OCLCQ
|d WAU
|d J9U
|d OCLCF
|d PAU
|d OCLCQ
|d UKMGB
|d IUL
|d WaSeSS
|
| 042 |
|
|
|a pcc
|a nsdp
|
| 043 |
|
|
|a a-pk---
|
| 050 |
0 |
0 |
|a DS376
|b .P296
|
| 082 |
0 |
4 |
|a 954.9/1/005
|
| 110 |
2 |
|
|a Pakistan Historical Society.
|
| 210 |
0 |
|
|a J. Pak. Hist. Soc.
|
| 222 |
|
0 |
|a Journal of the Pakistan Historical Society
|
| 245 |
1 |
0 |
|a Journal of the Pakistan Historical Society
|h [electronic resource].
|
| 260 |
|
|
|a Karachi,
|b Pakistan Historical Society.
|
| 310 |
|
|
|a Quarterly
|
| 362 |
0 |
|
|a v. 1-45 ; Jan. 1953-Oct. 1997.
|
| 506 |
|
|
|a License restrictions may limit access.
|
| 651 |
|
0 |
|a Pakistan
|x History
|v Periodicals.
|
| 651 |
|
7 |
|a Pakistan.
|2 fast
|0 (OCoLC)fst01210275
|
| 655 |
|
0 |
|a Electronic journals.
|
| 785 |
0 |
0 |
|t Quarterly journal of the Pakistan Historical Society
|w (DLC) 2009212030
|w (OCoLC)223332319
|
| 850 |
|
|
|a CtW
|a DLC
|a In
|a MCM
|a MMeT
|a NN
|a ULA
|a WM
|
| 856 |
4 |
0 |
|z Full text available from Research Library: 04/01/2011 to present
|u https://search.proquest.com/publication/646551
|